| 000 | 00542nam a2200205Ia 4500 | ||
|---|---|---|---|
| 005 | 20260429112215.0 | ||
| 008 | 260429s9999||||xx |||||||||||||| ||und|| | ||
| 020 | _a9789391972080 | ||
| 041 | _aEnglish | ||
| 082 |
_a631 _bSTE |
||
| 100 | _aStevens, George | ||
| 245 | 0 |
_aBiotechnology in sustainable farming / _cGeorge Stevens |
|
| 250 | _a1st ed. | ||
| 260 |
_aJaipur : _bAgrotech Press, _c2024. |
||
| 300 | _aviii, 280 p.; hb | ||
| 650 | _a Biotechnology | ||
| 650 | _a Sustainable farming | ||
| 650 | _aAgriculture | ||
| 942 | _cTB | ||
| 999 |
_c52899 _d52899 |
||